| 000 | 00453cam a22001814a 4500 | ||
|---|---|---|---|
| 005 | 20250605164149.0 | ||
| 008 | 250528s ||||||||||||||||||||||||d | ||
| 035 | _a19286 | ||
| 020 | _a672222205 | ||
| 040 |
_aGR-AtMCL _bgre _dGR-AtMCL _eAACR2 |
||
| 245 | 1 | _aComputer Dictionary / Fourth Edition | |
| 260 |
_bHoward W. Sams & Co, _c1985 |
||
| 300 | _a564 | ||
| 700 | 1 |
_aSippl Charles J _95521 |
|
| 942 | _cBK | ||
| 999 |
_c4549 _d4549 |
||